[Event "Bashkortostan-ch U18"]
[Site "Tuimazy"]
[Date "2020.02.25"]
[Round "3"]
[White "Evstafyev, Georgy"]
[Black "Gafarov, Damir"]
[Result "0-1"]
[WhiteElo "1661"]
[BlackElo "1950"]
[PlyCount "86"]
[EventDate "2020.02.24"]
[EventType "tourn"]
[EventRounds "9"]
[EventCountry "RUS"]
[SourceTitle "CBM 195 Extra"]
[Source "ChessBase"]
[SourceDate "2020.05.31"]
[SourceVersion "1"]
[SourceVersionDate "2020.05.31"]
[SourceQuality "1"]

1. d4 Nf6 2. Nf3 g6 3. g3 Bg7 4. Bg2 0-0 5. 0-0 c6 6. c4 d6 7. Nc3 Qc7 8. b3 e5 9. Bb2 a5 10. Qc2 Na6 11. Rad1 Bg4 12. Rfe1 Nd7 13. dxe5 dxe5 14. Ba3 Nb4 15. Qd2 Nc5 16. h3 Bf5 17. g4 Rad8 18. Qe3 Nc2 19. Qxc5 Nxe1 20. Rxe1 e4 21. Nd5 Qb8 22. Ne7+ Kh8 23. Nh4 Bd4 24. Qxa5 b6 25. Qa6 Qg3 26. Rf1 Qxh4 27. gxf5 Ra8 28. Qb7 Rxa3 29. e3 Bc5 30. Nxc6 gxf5 31. Ne5 Qh5 32. Nd7 Rg8 33. Nf6 Rxg2+ 34. Kxg2 Qg6+ 35. Kh1 Qxf6 36. Rg1 Bf8 37. Qb8 Qd6 38. Qe8 Ra7 39. Qb5 Qe6 40. b4 Rxa2 41. c5 bxc5 42. bxc5 Qe5 43. Qb3 Rxf2 0-1

[Event "Tuimazy-ch U18"]
[Site "Tuimazy"]
[Date "2019.03.01"]
[Round "1"]
[White "Evstafyev, Georgy"]
[Black "Gafarov, Damir"]
[Result "0-1"]
[WhiteElo "1825"]
[BlackElo "2005"]
[PlyCount "32"]
[EventDate "2019.03.01"]
[EventType "tourn"]
[EventRounds "11"]
[EventCountry "RUS"]
[SourceTitle "EXT 2022"]
[Source "ChessBase"]
[SourceDate "2021.10.06"]
[SourceVersion "1"]
[SourceVersionDate "2021.10.06"]
[SourceQuality "1"]

1. e4 c5 2. Nf3 Nc6 3. d4 cxd4 4. Nxd4 g6 5. Nc3 Bg7 6. Be3 Nf6 7. Bc4 0-0 8. f3 Qb6 9. a3 Nxe4 10. fxe4 Nxd4 11. Nd5 Qc5 12. Bxd4 Bxd4 13. Nxe7+ Kh8 14. Nxc8 Raxc8 15. c3 Bf2+ 16. Kf1 Bh4 0-1

[Event "Chishmy Cup 08 A"]
[Site "Chishmy"]
[Date "2016.08.09"]
[Round "5"]
[White "Gafarov, Damir"]
[Black "Evstafyev, Georgy"]
[Result "1-0"]
[WhiteElo "1610"]
[BlackElo "1451"]
[PlyCount "95"]
[EventDate "2016.08.06"]
[EventType "tourn"]
[EventRounds "9"]
[EventCountry "RUS"]
[SourceTitle "EXT 2022"]
[Source "ChessBase"]
[SourceDate "2021.10.06"]
[SourceVersion "1"]
[SourceVersionDate "2021.10.06"]
[SourceQuality "1"]

1. e4 e5 2. Nf3 Nc6 3. Bb5 d6 4. d4 Bd7 5. Nc3 Nf6 6. Qd3 exd4 7. Nxd4 Be7 8. Bxc6 Bxc6 9. Nf5 Rg8 10. Bg5 g6 11. Nxe7 Qxe7 12. Qd4 Qe6 13. Qxf6 Qxf6 14. Bxf6 g5 15. 0-0-0 Rg6 16. e5 Kd7 17. f3 Re8 18. Nd5 Bxd5 19. Rxd5 Ke6 20. Rhd1 h6 21. g4 Kd7 22. c4 b6 23. b4 Kc6 24. Kc2 a6 25. Kc3 b5 26. c5 dxc5 27. Rxc5+ Kb7 28. Rd7 Rc8 29. Rxf7 Rgg8 30. e6 Rge8 31. Re5 Kc6 32. Rd7 Rxe6 33. Rxe6+ Kxd7 34. Rxa6 Re8 35. Bd4 Re2 36. h3 Rg2 37. Rxh6 Rxa2 38. Kd3 Ra4 39. Bc5 Ra8 40. Rg6 Rh8 41. Rxg5 Rxh3 42. Ke4 Rh7 43. Re5 Rf7 44. f4 Rg7 45. g5 Rh7 46. g6 Rg7 47. f5 Kd8 48. Bf8 1-0

[Event "Chishmy Cup 08 A"]
[Site "Chishmy"]
[Date "2016.08.06"]
[Round "1"]
[White "Evstafyev, Georgy"]
[Black "Kaspranova, Aigul"]
[Result "0-1"]
[WhiteElo "1451"]
[BlackElo "1662"]
[PlyCount "154"]
[EventDate "2016.08.06"]
[EventType "tourn"]
[EventRounds "9"]
[EventCountry "RUS"]
[SourceTitle "EXT 2022"]
[Source "ChessBase"]
[SourceDate "2021.10.06"]
[SourceVersion "1"]
[SourceVersionDate "2021.10.06"]
[SourceQuality "1"]

1. e4 c5 2. Nf3 Nc6 3. d4 cxd4 4. Nxd4 e5 5. Nf3 Nf6 6. Bd3 d5 7. Qe2 dxe4 8. Bxe4 Nxe4 9. Qxe4 Be7 10. Nxe5 Qa5+ 11. Nc3 Qxe5 12. Qxe5 Nxe5 13. Bf4 Bd6 14. 0-0-0 Bb8 15. Bxe5 Bxe5 16. Rde1 f6 17. f4 0-0 18. fxe5 fxe5 19. Rxe5 Bd7 20. Rhe1 Bc6 21. g3 Rf2 22. R5e2 Raf8 23. Nd1 Rxe2 24. Rxe2 Rf1 25. Rf2 Re1 26. Kd2 Re6 27. Nc3 g6 28. Ne2 Kg7 29. Kc3 Be8 30. Nd4 Rd6 31. Re2 Bf7 32. a3 Kf8 33. Re5 a6 34. Rc5 Rd7 35. Nf3 Be6 36. Rc8+ Kg7 37. Re8 Rc7+ 38. Kd2 Rd7+ 39. Kc1 Kf7 40. Rc8 Kg7 41. Rc3 Bg4 42. b3 Be6 43. Re3 Bf7 44. Ng5 Bg8 45. Ne6+ Kf6 46. Nc5 Rc7 47. Rf3+ Ke7 48. Nd3 Bxb3 49. Re3+ Kf8 50. Nc5 Rxc5 51. Rxb3 Rc7 52. Kd2 Ke7 53. Rc3 Rd7+ 54. Ke2 Ke6 55. Re3+ Kf5 56. h3 Rc7 57. Kd2 Rd7+ 58. Rd3 Rc7 59. c3 Ke4 60. Ke2 Rf7 61. Rd4+ Ke5 62. Ra4 Kd5 63. Rf4 Rxf4 64. gxf4 Ke4 65. a4 Kxf4 66. Kf2 g5 67. c4 h5 68. a5 h4 69. c5 g4 70. hxg4 Kxg4 71. Kg2 Kf4 72. Kh3 Ke5 73. Kxh4 Kd5 74. Kg4 Kxc5 75. Kf4 Kb5 76. Ke4 Kxa5 77. Kd3 Kb5 0-1

[Event "Tuimazy-ch U14"]
[Site "Tuimazy"]
[Date "2016.03.05"]
[Round "9"]
[White "Evstafyev, Georgy"]
[Black "Khakimov, Marat"]
[Result "1-0"]
[WhiteElo "1230"]
[BlackElo "1470"]
[PlyCount "29"]
[EventDate "2016.03.01"]
[EventType "tourn"]
[EventRounds "15"]
[EventCountry "RUS"]
[SourceTitle "EXT 2022"]
[Source "ChessBase"]
[SourceDate "2021.10.06"]
[SourceVersion "1"]
[SourceVersionDate "2021.10.06"]
[SourceQuality "1"]

1. e4 e5 2. Nf3 Nc6 3. Bb5 Nf6 4. Bxc6 dxc6 5. Nxe5 Bg4 6. Nf3 Bc5 7. d3 0-0 8. Bg5 h6 9. Bh4 g5 10. Bg3 h5 11. h3 Be6 12. Nxg5 b6 13. e5 Nd5 14. Qxh5 Kg7 15. Qh7# 1-0

[Event "Tuimazy-ch U14"]
[Site "Tuimazy"]
[Date "2016.03.03"]
[Round "6"]
[White "Mindiyarov, Rasul"]
[Black "Evstafyev, Georgy"]
[Result "0-1"]
[WhiteElo "1070"]
[BlackElo "1230"]
[PlyCount "64"]
[EventDate "2016.03.01"]
[EventType "tourn"]
[EventRounds "15"]
[EventCountry "RUS"]
[SourceTitle "EXT 2022"]
[Source "ChessBase"]
[SourceDate "2021.10.06"]
[SourceVersion "1"]
[SourceVersionDate "2021.10.06"]
[SourceQuality "1"]

1. Nf3 d5 2. d4 Bf5 3. Nbd2 Nc6 4. c3 e6 5. g3 Bd6 6. Bg2 Nge7 7. 0-0 0-0 8. Re1 Bg6 9. Nf1 f5 10. Bg5 f4 11. gxf4 Bxf4 12. Bxf4 Rxf4 13. Qc1 Rf6 14. Ne3 Nf5 15. Ng4 Rf8 16. Nge5 Nxe5 17. Nxe5 Qh4 18. e4 Nh6 19. exd5 Qxf2+ 20. Kh1 exd5 21. Bxd5+ Kh8 22. Rf1 Qh4 23. Qd2 c6 24. Bb3 Be4+ 25. Nf3 Bxf3+ 26. Rxf3 Rxf3 27. Qe2 Rf2 28. Qxf2 Qxf2 29. Be6 Re8 30. d5 cxd5 31. Bxd5 Re2 32. Rd1 Qxh2# 0-1